000 00564nam a22001817a 4500
003 UA-OsUOA
001 17354
007 ta
008 20040224b un ||||| |||| 00| 0 ukr d
100 _aБондарчук Я.
942 _cSA
040 _aUA-OsUOA
_cUA-OsUOA
_dUA-OsUOA
245 _aКнязі Василь Федорович та Івант Васильович Острозькі
300 _aС.37-39
955 _a0
773 0 _w0
_tВолання з Волині
_dОстріг
_d2004
_g№1/ Січ.- Лют./
650 7 _aВидатні діячі
_2UDC
999 _c303522
_d303522